[Event "23rd EUR-ch"]
[Site "Vrnjacka Banja SRB"]
[Date "2023.03.06"]
[Round "4.221"]
[White "Nilssen, Ellen Fredericia"]
[Black "Mladenovic, Milan"]
[Result "1-0"]
[WhiteElo "2144"]
[BlackElo "1787"]
[EventDate "2023.03.03"]
[PlyCount "53"]

1.d4 Nf6 2.c4 d6 3.Nc3 Nbd7 4.e4 e5 5.d5 Be7 6.Nge2 c6 7.Ng3 O-O 8.Bd3 a5 
9.O-O Re8 10.Bc2 Nb6 11.b3 a4 12.Bd2 axb3 13.axb3 Rxa1 14.Qxa1 h5 15.Qd1 
Bg4 16.f3 h4 17.fxg4 hxg3 18.h3 Nbd7 19.Qf3 Nc5 20.g5 Nh7 21.Qxf7+ Kh8 22.
h4 Rf8 23.Qh5 Rxf1+ 24.Kxf1 Kg8 25.Ne2 Nxb3 26.Bxb3 Qb6 27.Qf3 1-0

[Event "23rd EUR-ch"]
[Site "Vrnjacka Banja SRB"]
[Date "2023.03.06"]
[Round "4.222"]
[White "Medancic, Rikard"]
[Black "Kanana, Ziad"]
[Result "1-0"]
[WhiteElo "2139"]
[BlackElo "1757"]
[EventDate "2023.03.03"]
[PlyCount "125"]

1.c4 e5 2.Nc3 Nc6 3.g3 g6 4.Bg2 Bg7 5.Rb1 a5 6.a3 d6 7.Nf3 f5 8.d3 Nf6 9.
b4 axb4 10.axb4 O-O 11.b5 Ne7 12.e4 h6 13.Qc2 Be6 14.Nd5 fxe4 15.dxe4 Nxe4
16.Nxe7+ Qxe7 17.Qxe4 Bf5 18.Qd5+ Be6 19.Qd3 Bf5 20.Qb3 Bxb1 21.Qxb1 e4 
22.Nd2 Ra1 23.Qc2 e3 24.O-O exd2 25.Qxd2 Raa8 26.Bxb7 Rad8 27.Re1 Qf6 28.
Bc6 Qc3 29.Qxc3 Bxc3 30.Re7 Bf6 31.Rxc7 Rc8 32.Rd7 Rfd8 33.Rxd8+ Bxd8 34.
Bxh6 Bb6 35.Kg2 Kh7 36.Bf4 Bc5 37.h4 Kg7 38.Kf1 Rc7 39.Ke2 Ra7 40.Kd3 Kf6 
41.Ke4 Ra1 42.Bg5+ Kf7 43.Bd5+ Kg7 44.Be3 Bxe3 45.Kxe3 Rb1 46.Be4 Rb2 47.
f3 Kf6 48.Kd4 Rg2 49.b6 Rb2 50.b7 Ke6 51.g4 Kd7 52.Ke3 Ke6 53.Kf4 Kf6 54.
g5+ Kg7 55.Bc6 Rb6 56.Kg4 Kh7 57.h5 Kg7 58.f4 Kf7 59.f5 gxf5+ 60.Kxf5 Kg7 
61.h6+ Kh7 62.Ke6 Kg6 63.Kxd6 1-0

[Event "23rd EUR-ch"]
[Site "Vrnjacka Banja SRB"]
[Date "2023.03.06"]
[Round "4.223"]
[White "Alexandri, Dimitra"]
[Black "Lazic, Ljubisa"]
[Result "1/2-1/2"]
[WhiteElo "1586"]
[BlackElo "2138"]
[EventDate "2023.03.03"]
[PlyCount "65"]

1.d4 Nc6 2.e4 d6 3.d5 Nb8 4.c4 e5 5.h3 Be7 6.Nf3 Nd7 7.Nc3 h6 8.Be3 Bg5 9.
Nxg5 hxg5 10.Be2 b6 11.Qd2 f6 12.O-O-O Ne7 13.g3 Nf8 14.Bg4 Bxg4 15.hxg4 
Rxh1 16.Rxh1 Qd7 17.f3 a6 18.a3 Kf7 19.Qf2 Nfg6 20.Rh2 Rh8 21.Rxh8 Nxh8 
22.Qh2 Kg8 23.Qe2 Nf7 24.Qd2 g6 25.Kb1 Kg7 26.Kc1 Qc8 27.Qh2 Ng8 28.Qh3 
Ngh6 29.Kb1 Ng8 30.Kc1 Ne7 31.Qh2 Ng8 32.Qd2 Ne7 33.Qh2 1/2-1/2

[Event "23rd EUR-ch"]
[Site "Vrnjacka Banja SRB"]
[Date "2023.03.06"]
[Round "4.224"]
[White "Krunic, Dusan"]
[Black "Mandryka, Vladislav"]
[Result "0-1"]
[WhiteElo "2116"]
[BlackElo "1465"]
[EventDate "2023.03.03"]
[PlyCount "82"]

1.Nc3 g6 2.h4 Nf6 3.e4 d6 4.Be2 h5 5.d4 c6 6.Nh3 Bg7 7.Be3 Qb6 8.Qd2 Qxb2 
9.O-O Qb4 10.a4 Qa5 11.Bc4 Bxh3 12.gxh3 Nbd7 13.Rab1 Qc7 14.f4 d5 15.exd5 
Nb6 16.Qd3 cxd5 17.Bb3 O-O 18.Ne2 e6 19.Bd2 Nc4 20.Be1 Nd6 21.Kg2 Nf5 22.
c3 a6 23.Bc2 Rac8 24.Qf3 Nd6 25.Nc1 Nfe4 26.Rb3 Bxd4 27.Bxe4 dxe4 28.Qd1 
Bg7 29.Ne2 Nf5 30.Bf2 e3 31.Be1 Rfd8 32.Qb1 Qc4 33.Ng1 Rd7 34.Rb4 Qc6+ 35.
Kh2 e5 36.Ne2 Rcd8 37.Qe4 Qxe4 38.Rxe4 Rd2 39.Bxd2 Rxd2 40.fxe5 Rxe2+ 41.
Kg1 Ng3 0-1

[Event "23rd EUR-ch"]
[Site "Vrnjacka Banja SRB"]
[Date "2023.03.06"]
[Round "4.225"]
[White "Nikolovski, David"]
[Black "Irizanin, Radoje"]
[Result "0-1"]
[WhiteElo "1860"]
[BlackElo "2288"]
[EventDate "2023.03.03"]
[PlyCount "104"]

1.d4 d5 2.Nc3 a6 3.e4 dxe4 4.Nxe4 Nf6 5.Bd3 Nbd7 6.Ng5 e6 7.N1f3 Bd6 8.O-O
h6 9.Ne4 Nxe4 10.Bxe4 Nf6 11.Bd3 O-O 12.Re1 c5 13.dxc5 Bxc5 14.Be3 b6 15.
Bxc5 bxc5 16.Qe2 Bb7 17.Rad1 Qb6 18.b3 Bxf3 19.Qxf3 Rad8 20.Bc4 a5 21.Rxd8
Rxd8 22.Rd1 Rxd1+ 23.Qxd1 g6 24.Qd2 Kg7 25.a4 Qc7 26.h3 h5 27.Qc3 e5 28.
Qd2 e4 29.Qc3 h4 30.Bd5 Qe7 31.Bc6 g5 32.Qxa5 Nh5 33.Qc3+ f6 34.Qe3 f5 35.
Qd2 Qf6 36.Be8 Qa1+ 37.Kh2 Qe5+ 38.Kg1 Qxe8 39.Qxg5+ Qg6 40.Qxg6+ Kxg6 41.
a5 Nf6 42.Kf1 Nd5 43.a6 Kg5 44.a7 Nb6 45.g3 f4 46.gxf4+ Kxf4 47.Ke2 Na8 
48.c3 Nb6 49.b4 c4 50.b5 Na8 51.Ke1 Kf3 52.Kf1 e3 0-1

[Event "23rd EUR-ch"]
[Site "Vrnjacka Banja SRB"]
[Date "2023.03.06"]
[Round "4.226"]
[White "Mitrovic, Stefan"]
[Black "Srdanovic, Jovana"]
[Result "0-1"]
[WhiteElo "1859"]
[BlackElo "2146"]
[EventDate "2023.03.03"]
[PlyCount "58"]

1.d4 d5 2.c4 c6 3.Nf3 Nf6 4.Nc3 dxc4 5.a4 Bf5 6.Ne5 Nbd7 7.Nxc4 Qc7 8.g3 
e5 9.dxe5 Nxe5 10.Nxe5 Qxe5 11.Qb3 Bc5 12.f3 O-O 13.Bf4 Qe7 14.g4 Bg6 15.
Bg3 Rfe8 16.Qc4 Rad8 17.Rd1 Qe3 18.Rxd8 Rxd8 19.Qf4 Bc2 20.Qxe3 Bxe3 21.
Bh3 b5 22.axb5 cxb5 23.Bc7 Rd2 24.Ba5 Nd5 25.Kf1 Nf4 26.Bg2 Bd3 27.exd3 
Rf2+ 28.Kg1 Rxg2+ 29.Kf1 Rf2+ 0-1

[Event "23rd EUR-ch"]
[Site "Vrnjacka Banja SRB"]
[Date "2023.03.06"]
[Round "4.227"]
[White "Popovic, Igor"]
[Black "Lorscheid, Gerhard"]
[Result "1-0"]
[WhiteElo "1831"]
[BlackElo "2140"]
[EventDate "2023.03.03"]
[PlyCount "75"]

1.e4 d6 2.d4 Nf6 3.Nc3 g6 4.f4 Bg7 5.Nf3 O-O 6.Bc4 Nxe4 7.Nxe4 d5 8.Bd3 
dxe4 9.Bxe4 Nd7 10.c3 c5 11.O-O Qc7 12.Ne5 cxd4 13.Qxd4 Nxe5 14.fxe5 Bxe5 
15.Qf2 Bxh2+ 16.Kh1 Be5 17.Bh6 Bg7 18.Bf4 e5 19.Bg5 f6 20.Bd5+ Kh8 21.Be3 
Bf5 22.Bxa7 Qa5 23.Bc5 Rfc8 24.b4 Qa6 25.c4 Bf8 26.b5 Qa4 27.Bxf8 Rxf8 28.
Bxb7 Rad8 29.Bd5 Bd3 30.Rfc1 e4 31.Rc3 Qb4 32.Rb3 Qd6 33.a4 Qe5 34.Re1 
Rxd5 35.cxd5 Qxd5 36.Rc3 Re8 37.Qxf6+ Kg8 38.Rc7 1-0

[Event "23rd EUR-ch"]
[Site "Vrnjacka Banja SRB"]
[Date "2023.03.06"]
[Round "4.228"]
[White "Arandjelovic, Aleksandar Z."]
[Black "Konstantinidis, Konstantinos"]
[Result "1/2-1/2"]
[WhiteElo "1828"]
[BlackElo "2047"]
[EventDate "2023.03.03"]
[PlyCount "88"]

1.d4 Nf6 2.c4 g6 3.Nc3 Bg7 4.e4 d6 5.f3 O-O 6.Be3 c5 7.dxc5 dxc5 8.Qxd8 
Rxd8 9.Bxc5 Nc6 10.Nd5 Nd7 11.Bxe7 Nxe7 12.Nxe7+ Kf8 13.Nd5 Bxb2 14.Rb1 
Bg7 15.h4 Nc5 16.h5 f5 17.hxg6 hxg6 18.Nh3 fxe4 19.Ng5 exf3 20.gxf3 Bf5 
21.Rd1 Re8+ 22.Kf2 Rac8 23.Bh3 Bxh3 24.Rxh3 Ne6 25.Nxe6+ Rxe6 26.Nf4 Rf6 
27.Rd4 Kg8 28.Re4 Bf8 29.Nd5 Rf7 30.Rg3 Rc6 31.Rgg4 Ra6 32.Re2 Kg7 33.Nf4 
Re7 34.Rd2 Kf7 35.Nd5 Re5 36.Rf4+ Kg7 37.Nc7 Rd6 38.Rd5 Rdxd5 39.cxd5 Bc5+
40.Kf1 Bd6 41.Rc4 Kf6 42.Nb5 Rxd5 43.Nxa7 Rd2 44.Nb5 Kf5 1/2-1/2

[Event "23rd EUR-ch"]
[Site "Vrnjacka Banja SRB"]
[Date "2023.03.06"]
[Round "4.229"]
[White "Nikanova, Ekaterina"]
[Black "Dimitrijevic, Andjela"]
[Result "1-0"]
[WhiteElo "2032"]
[BlackElo "1863"]
[EventDate "2023.03.03"]
[PlyCount "109"]

1.e4 c5 2.Nf3 d6 3.d4 cxd4 4.Nxd4 Nf6 5.Nc3 Nc6 6.Bg5 e6 7.Qd2 a6 8.O-O-O 
Bd7 9.f4 Be7 10.Nf3 b5 11.Bxf6 gxf6 12.f5 Qb6 13.Kb1 O-O-O 14.g3 Kb8 15.
Bh3 Bc8 16.a3 b4 17.axb4 Nxb4 18.Qd4 Qa5 19.Rhe1 Rhe8 20.Qc4 Bf8 21.Nd4 d5
22.Qb3 Qc5 23.Na4 Qc4 24.Qxc4 dxc4 25.Bf1 Bb7 26.fxe6 fxe6 27.Bxc4 e5 28.
Ne6 Rxd1+ 29.Rxd1 Bxe4 30.Rd2 Bh6 31.Rd6 Bxc2+ 32.Ka1 Be3 33.Nac5 Rc8 34.
Rb6+ Ka7 35.Rb7+ Ka8 36.Rxb4 Rb8 37.Rxb8+ Kxb8 38.Nd7+ Kc8 39.Nxf6 a5 40.
Ng4 Bg1 41.Nxe5 Be4 42.Ng5 Bg2 43.Ngf3 Be3 44.Be2 Kc7 45.Nc4 Bb6 46.Ka2 
Kb7 47.Nxb6 Kxb6 48.Kb3 h6 49.Kc4 Bh3 50.Kd4 Bg4 51.Ng1 Bd7 52.Bc4 Kc6 53.
Nf3 Kd6 54.Ne5 Be6 55.Bxe6 1-0

[Event "23rd EUR-ch"]
[Site "Vrnjacka Banja SRB"]
[Date "2023.03.06"]
[Round "4.230"]
[White "Kotyk, Michael"]
[Black "Valitov, Ilshat"]
[Result "1-0"]
[WhiteElo "2018"]
[BlackElo "1854"]
[EventDate "2023.03.03"]
[PlyCount "143"]

1.b3 Nf6 2.Bb2 g6 3.Bxf6 exf6 4.c4 Bg7 5.Nc3 O-O 6.g3 c6 7.Bg2 f5 8.d4 c5 
9.e3 cxd4 10.exd4 Nc6 11.Nge2 Qb6 12.c5 Qa5 13.Qd3 b6 14.Qb5 Qxb5 15.Nxb5 
bxc5 16.Rc1 Rb8 17.Rxc5 Ba6 18.Bxc6 dxc6 19.Nd6 Rfe8 20.Nxe8 Rxe8 21.Rc2 
Bxd4 22.Kd1 Bxf2 23.Nf4 Be3 24.Rc3 Bxf4 25.gxf4 Re4 26.Re1 Rxf4 27.Rxc6 
Bb5 28.Rc7 a6 29.Ree7 Rf1+ 30.Kd2 Rf2+ 31.Kc3 Rxa2 32.Rxf7 Rxh2 33.Rg7+ 
Kf8 34.Rcf7+ Ke8 35.Rb7 Kf8 36.Kd4 Be8 37.Ke5 Rh1 38.Kf6 Rc1 39.Rxh7 Rc6+ 
40.Kg5 Kg8 41.Rbg7+ Kf8 42.Ra7 Kg8 43.Rhe7 Kf8 44.b4 Rb6 45.Rh7 Kg8 46.
Rag7+ Kf8 47.Rc7 Kg8 48.Rcg7+ Kf8 49.Rb7 Rxb7 50.Rxb7 Bb5 51.Kxg6 Bd3 52.
Rd7 Bb5 53.Rd5 f4 54.Rf5+ Ke7 55.Rxf4 Ke6 56.Rh4 Kd5 57.Kf6 Be2 58.Ke7 Kc6
59.Re4 Bf1 60.Re5 Bg2 61.Rc5+ Kb6 62.Kd6 Bf3 63.Ke5 Bg2 64.Kd4 Bf1 65.Rf5 
Bh3 66.Rf8 Bg2 67.Kc4 Bh3 68.Rf6+ Kb7 69.Kc5 Bg4 70.Rf7+ Kb8 71.Kb6 Bc8 
72.Ra7 1-0

[Event "23rd EUR-ch"]
[Site "Vrnjacka Banja SRB"]
[Date "2023.03.06"]
[Round "4.231"]
[White "Modric, Milos"]
[Black "Bozic, Sasa"]
[Result "0-1"]
[WhiteElo "2002"]
[BlackElo "1839"]
[EventDate "2023.03.03"]
[PlyCount "162"]

1.e4 c5 2.c3 d6 3.d4 cxd4 4.cxd4 Nf6 5.Nc3 g6 6.Nf3 Bg7 7.Be2 O-O 8.O-O 
Nbd7 9.h3 b6 10.e5 dxe5 11.dxe5 Ne8 12.e6 fxe6 13.Ng5 Nc7 14.Bf3 Rb8 15.
Qe2 Ne5 16.Be4 Ba6 17.Qc2 Bxf1 18.Kxf1 Qd4 19.Kg1 Nf7 20.Be3 Qc4 21.Bd3 
Qc6 22.Be4 Qc4 23.Bd3 Qc6 24.Be4 Qe8 25.h4 Nxg5 26.Bxg5 Qf7 27.h5 Bd4 28.
Rf1 gxh5 29.Bh6 Rfc8 30.Rd1 Be5 31.Rd3 Nd5 32.Rf3 Bf6 33.Qb3 Nxc3 34.bxc3 
Rc5 35.c4 Rbc8 36.Bd3 Qe8 37.Qb1 Qf7 38.Qd1 a6 39.Rg3+ Kh8 40.Qf3 Rg8 41.
Rxg8+ Qxg8 42.Be3 Re5 43.Bxb6 Re1+ 44.Bf1 Qb8 45.c5 Qe5 46.Qd3 Qf5 47.Qd8+
Kg7 48.Ba5 Rc1 49.Qd2 Qb1 50.Qe2 Qb5 51.Qxb5 axb5 52.c6 Be5 53.c7 Bxc7 54.
Bxc7 Rxc7 55.Bxb5 Rc1+ 56.Kh2 Rc2 57.a4 Rxf2 58.Kg3 Rf5 59.Kh4 Kf6 60.g3 
h6 61.Be2 Ra5 62.Bb5 e5 63.Kxh5 Kg7 64.Kg4 Kf6 65.Kh5 e4 66.Kxh6 Ra8 67.
Kh5 Rg8 68.Kh4 Rg5 69.Kh3 Rc5 70.Kg2 Rc2+ 71.Kf1 Ra2 72.g4 Kg5 73.Bd7 Kf4 
74.Ke1 Ke3 75.Kf1 Kf3 76.Ke1 e3 77.Bc6+ Kxg4 78.Bb5 e5 79.Be2+ Kf4 80.Bb5 
Kf3 81.Bc6+ e4 0-1

[Event "23rd EUR-ch"]
[Site "Vrnjacka Banja SRB"]
[Date "2023.03.06"]
[Round "4.232"]
[White "Tadic, Ana"]
[Black "Garifulin, Yury"]
[Result "0-1"]
[WhiteElo "1817"]
[BlackElo "1975"]
[EventDate "2023.03.03"]
[PlyCount "94"]

1.e4 c5 2.Nf3 d6 3.d4 cxd4 4.Qxd4 e5 5.Qd3 Nf6 6.c4 Nc6 7.Bg5 Be6 8.a3 Rc8
9.Nbd2 Be7 10.Be2 O-O 11.O-O Nh5 12.Bxe7 Qxe7 13.g3 Rfd8 14.Rfd1 h6 15.
Rac1 Nf6 16.Qb1 Nh7 17.b4 Nf8 18.Nb3 Bg4 19.b5 Nb8 20.Rd2 Ne6 21.Nh4 Bxe2 
22.Nf5 Qf8 23.Rxe2 Nd7 24.Na5 Ndc5 25.Rd1 g6 26.Ne3 Nd4 27.Ra2 b6 28.Nc6 
Nxc6 29.bxc6 Rxc6 30.Rd5 Ne6 31.Qd3 Nc7 32.Rb5 Nxb5 33.cxb5 Rc5 34.Nd5 Kg7
35.g4 Qe8 36.a4 Qe6 37.f3 h5 38.Rg2 Rc1+ 39.Kf2 h4 40.f4 exf4 41.Kf3 Qe5 
42.Rf2 h3 43.g5 Qxg5 44.Nxf4 Rdc8 45.Nxh3 Qh5+ 46.Kg2 Qg4+ 47.Qg3 Qxe4+ 
0-1

[Event "23rd EUR-ch"]
[Site "Vrnjacka Banja SRB"]
[Date "2023.03.06"]
[Round "4.233"]
[White "Sakovich, Luka"]
[Black "Celik, Ali Alper"]
[Result "1/2-1/2"]
[WhiteElo "1799"]
[BlackElo "1961"]
[EventDate "2023.03.03"]
[PlyCount "71"]

1.e4 c5 2.Nf3 e6 3.d4 cxd4 4.Nxd4 a6 5.Bd3 Nc6 6.Nxc6 dxc6 7.O-O e5 8.Be3 
Bd6 9.Nd2 Be6 10.Bc4 Qe7 11.Bb6 Nf6 12.Bxe6 Qxe6 13.Qe2 O-O 14.Rfd1 Nd7 
15.Nc4 Be7 16.Be3 Rad8 17.a4 Nc5 18.Rxd8 Rxd8 19.f3 h6 20.b3 b5 21.Nb2 Qc8
22.Rd1 Ne6 23.Nd3 Qc7 24.Qf2 Rd7 25.Ra1 c5 26.axb5 axb5 27.Qg3 Bf6 28.Ra8+
Rd8 29.Rxd8+ Qxd8 30.h3 Nd4 31.Bxd4 Qxd4+ 32.Qf2 Qa1+ 33.Kh2 c4 34.Qc5 
cxd3 35.Qc8+ Kh7 36.Qf5+ 1/2-1/2

[Event "23rd EUR-ch"]
[Site "Vrnjacka Banja SRB"]
[Date "2023.03.06"]
[Round "4.234"]
[White "Kovac, Mihael"]
[Black "Stoychev, Ognian"]
[Result "0-1"]
[WhiteElo "1784"]
[BlackElo "1952"]
[EventDate "2023.03.03"]
[PlyCount "76"]

1.e4 e5 2.Nf3 Nc6 3.Bb5 a6 4.Ba4 Nf6 5.d3 b5 6.Bb3 Be7 7.O-O O-O 8.a4 b4 
9.a5 d6 10.Nbd2 Be6 11.Bxe6 fxe6 12.Nc4 Qe8 13.Ng5 d5 14.Ne3 Bc5 15.Ng4 h6
16.Nxf6+ Rxf6 17.Nf3 Rd8 18.exd5 exd5 19.Be3 Bd6 20.h3 e4 21.Nh2 Rg6 22.d4
Qe6 23.Kh1 Ne7 24.Qd2 Rf8 25.c3 bxc3 26.bxc3 Nf5 27.Rab1 c6 28.Rg1 Bc7 29.
Rb6 Qd6 30.Ng4 Rxg4 31.g3 Nxe3 32.hxg4 Nc4 33.Qe2 Bxb6 34.axb6 Nxb6 35.
Qxa6 Nc4 36.Kg2 Qf6 37.Kh3 Qxf2 38.Rb1 Ne3 0-1

[Event "23rd EUR-ch"]
[Site "Vrnjacka Banja SRB"]
[Date "2023.03.06"]
[Round "4.235"]
[White "Dumbelovic, Novak"]
[Black "Orlovic, Isa"]
[Result "1-0"]
[WhiteElo "1948"]
[BlackElo "1752"]
[EventDate "2023.03.03"]
[PlyCount "133"]

1.e4 c5 2.Nf3 Nc6 3.d4 cxd4 4.Nxd4 Qb6 5.Nb3 Nf6 6.Nc3 a6 7.Be3 Qc7 8.Be2 
d6 9.O-O g6 10.h3 Bg7 11.f4 O-O 12.g4 Be6 13.Nd4 Nxd4 14.Bxd4 Ne8 15.Bf3 
Bc4 16.Rf2 e5 17.Be3 exf4 18.Bxf4 Be5 19.Qd2 Be6 20.Rd1 Rc8 21.Bxe5 dxe5 
22.Kg2 Ng7 23.Qd6 Rfe8 24.Rfd2 Qa5 25.a3 Rc6 26.Qd3 Qb6 27.Nd5 Bxd5 28.
exd5 Rd6 29.c4 f5 30.Qc3 Qd8 31.c5 Rd7 32.d6 e4 33.Be2 f4 34.Bc4+ Kf8 35.
Rf1 f3+ 36.Kh1 Qg5 37.Rdf2 Qe5 38.Qe3 Rf7 39.Bxf7 Kxf7 40.Qb3+ Kf6 41.d7 
Rd8 42.Qxb7 Ne6 43.Qxa6 Qxc5 44.Qe2 Qc6 45.Re1 Nc5 46.Rxf3+ Kg7 47.Re3 
Rxd7 48.b4 Nd3 49.Rf1 Rd4 50.Kg1 Ne5 51.Qf2 Qd6 52.Qf4 Qe7 53.Kh1 Nc4 54.
Rc3 g5 55.Qf2 e3 56.Qe2 Qe4+ 57.Qg2 Qe7 58.Rcc1 Nd2 59.Rfe1 Nc4 60.Re2 Rd2
61.Rce1 Rd4 62.Qg3 Qa7 63.Rxe3 Nxe3 64.Qe5+ Kf7 65.Qxe3 Qb7+ 66.Kg1 Rd7 
67.Rf1+ 1-0

[Event "23rd EUR-ch"]
[Site "Vrnjacka Banja SRB"]
[Date "2023.03.06"]
[Round "4.236"]
[White "Gogic, Anastasija"]
[Black "Bleuzen, Erwan"]
[Result "0-1"]
[WhiteElo "1772"]
[BlackElo "1937"]
[EventDate "2023.03.03"]
[PlyCount "110"]

1.e4 c5 2.Nf3 Nf6 3.e5 Nd5 4.Nc3 Nxc3 5.bxc3 d5 6.Bb5+ Nc6 7.h3 e6 8.O-O 
Be7 9.d4 O-O 10.Re1 c4 11.Bxc6 bxc6 12.Be3 Rb8 13.Qd2 Bd7 14.Bg5 Bxg5 15.
Qxg5 Qxg5 16.Nxg5 Rb2 17.Rec1 Rfb8 18.Nf3 f6 19.Kf1 Kf7 20.Ke2 Ke7 21.Kd2 
Be8 22.exf6+ gxf6 23.Nh4 Kd6 24.g4 c5 25.a4 Bd7 26.f4 Rg8 27.Rg1 a5 28.Nf3
cxd4 29.Nxd4 e5 30.Ne2 h6 31.f5 Rbb8 32.Ng3 Be8 33.Rgb1 Bf7 34.Rb5 Rxb5 
35.axb5 Ra8 36.Nh5 Bxh5 37.gxh5 a4 38.Kc1 Kc5 39.b6 Kxb6 40.Rb1+ Kc6 41.
Rb4 Ra6 42.Rb8 d4 43.Rh8 Kd5 44.Rxh6 a3 45.Kb1 Ke4 46.cxd4 exd4 47.Rg6 d3 
48.cxd3+ cxd3 49.h6 d2 50.Rg1 a2+ 51.Ka1 Ra7 52.h7 Rxh7 53.Kxa2 Kd3 54.Kb1
Rb7+ 55.Ka1 Kc2 0-1

[Event "23rd EUR-ch"]
[Site "Vrnjacka Banja SRB"]
[Date "2023.03.06"]
[Round "4.237"]
[White "Pirvulescu, Adrian"]
[Black "Tadic, Katarina"]
[Result "1-0"]
[WhiteElo "1738"]
[BlackElo "1919"]
[EventDate "2023.03.03"]
[PlyCount "73"]

1.e4 c5 2.Nf3 a6 3.c4 Nc6 4.d4 cxd4 5.Nxd4 Qb6 6.Nb3 e6 7.Be3 Bb4+ 8.Nc3 
Qc7 9.f4 Nf6 10.e5 Ne4 11.Qd3 f5 12.Be2 O-O 13.O-O Nxc3 14.bxc3 Be7 15.c5 
Nb8 16.Kh1 a5 17.a4 Na6 18.Qb5 Kh8 19.Bf3 Nb8 20.Rab1 Rg8 21.Qb6 Qxb6 22.
cxb6 d6 23.exd6 Bxd6 24.Rfd1 Be7 25.Nc5 Bxc5 26.Bxc5 Na6 27.Ba3 h6 28.c4 
Re8 29.c5 Rb8 30.Be2 e5 31.fxe5 Nb4 32.Bb2 Be6 33.Bb5 Rec8 34.Rd6 Ba2 35.
Rc1 Bb3 36.e6 Na2 37.Re1 1-0

[Event "23rd EUR-ch"]
[Site "Vrnjacka Banja SRB"]
[Date "2023.03.06"]
[Round "4.238"]
[White "Kamenov, Valentin"]
[Black "Hlebec, Darko"]
[Result "1-0"]
[WhiteElo "1704"]
[BlackElo "1900"]
[EventDate "2023.03.03"]
[PlyCount "43"]

1.e4 e5 2.Nf3 Nf6 3.d4 Nxe4 4.Bd3 d5 5.Nxe5 Nd7 6.O-O Bd6 7.c4 Nxe5 8.dxe5
Bxe5 9.cxd5 O-O 10.Bxe4 Qh4 11.f4 Bg4 12.Bf3 Bxf3 13.Qxf3 Bd4+ 14.Kh1 Rfe8
15.Nc3 Re7 16.Bd2 Rae8 17.g3 Qh3 18.Rae1 Qf5 19.Rxe7 Rxe7 20.Re1 Rxe1+ 21.
Bxe1 Qc2 22.Qd1 1-0

[Event "23rd EUR-ch"]
[Site "Vrnjacka Banja SRB"]
[Date "2023.03.06"]
[Round "4.239"]
[White "Mitrovic, Vladan"]
[Black "Tabakovski, Dino"]
[Result "0-1"]
[WhiteElo "1871"]
[BlackElo "1692"]
[EventDate "2023.03.03"]
[PlyCount "48"]

1.Nf3 Nf6 2.g3 g6 3.Bg2 Bg7 4.O-O O-O 5.d4 c5 6.c4 d6 7.Nc3 Nc6 8.d5 Na5 
9.Qd3 a6 10.Rb1 b5 11.Nd2 Nd7 12.f4 Rb8 13.cxb5 axb5 14.b4 cxb4 15.Rxb4 
Qb6+ 16.Kh1 Qc5 17.Rxb5 Qxc3 18.Rxa5 Qxa5 19.Qe4 Re8 20.Nc4 Qc7 21.Ba3 Nc5
22.Qc2 Ba6 23.Rc1 Bxc4 24.Qxc4 Qa5 0-1

[Event "23rd EUR-ch"]
[Site "Vrnjacka Banja SRB"]
[Date "2023.03.06"]
[Round "4.240"]
[White "Dakic, Marta"]
[Black "Lazovic, Emilija"]
[Result "0-1"]
[WhiteElo "1867"]
[BlackElo "1594"]
[EventDate "2023.03.03"]
[PlyCount "66"]

1.e4 d5 2.exd5 Qxd5 3.Nc3 Qd8 4.Bc4 Nf6 5.d3 g6 6.Bd2 Bg7 7.Qe2 O-O 8.
O-O-O c6 9.Bb3 Nbd7 10.Ne4 a5 11.c3 b5 12.h4 h5 13.d4 Qc7 14.Ng5 Nb6 15.
N1h3 Nfd5 16.f3 a4 17.Bxd5 Nxd5 18.g4 Nf6 19.gxh5 Nxh5 20.Rhg1 c5 21.dxc5 
Qxc5 22.Ne4 Qd5 23.Nf4 Nxf4 24.Bxf4 Qxa2 25.Qc2 Be6 26.Qb1 Qc4 27.h5 b4 
28.h6 Bf6 29.Nxf6+ exf6 30.Rxg6+ Kh8 31.Rxf6 bxc3 32.Qe4 cxb2+ 33.Kxb2 a3+
0-1

[Event "23rd EUR-ch"]
[Site "Vrnjacka Banja SRB"]
[Date "2023.03.07"]
[Round "5.1"]
[White "Korobov, Anton"]
[Black "Ponomariov, Ruslan"]
[Result "1-0"]
[WhiteElo "2658"]
[BlackElo "2655"]
[EventDate "2023.03.03"]
[PlyCount "63"]

1.d4 Nf6 2.c4 e6 3.Nf3 d5 4.Nc3 Bb4 5.Qa4+ Nc6 6.e3 O-O 7.Bd2 Bd6 8.c5 Be7
9.b4 Ne4 10.b5 Nxd2 11.Kxd2 Nb8 12.Bd3 c6 13.Rab1 cxb5 14.Bxb5 Qc7 15.Rhc1
f6 16.Bd3 Nc6 17.Qc2 f5 18.Nb5 Qb8 19.Qc3 a6 20.Nd6 Bxd6 21.cxd6 Qxd6 22.
Rb6 Qd8 23.Qc5 Rf7 24.Bxa6 Rc7 25.Ne5 Qh4 26.Ke1 Qxh2 27.Qd6 Qg1+ 28.Ke2 
Qxc1 29.Rxc6 Qb2+ 30.Kf3 Rf7 31.Rc7 Rxa6 32.Rxc8+ 1-0

[Event "23rd EUR-ch"]
[Site "Vrnjacka Banja SRB"]
[Date "2023.03.07"]
[Round "5.2"]
[White "Safarli, Eltaj"]
[Black "Gelfand, Boris"]
[Result "1/2-1/2"]
[WhiteElo "2608"]
[BlackElo "2674"]
[EventDate "2023.03.03"]
[PlyCount "28"]

1.e4 c5 2.Nf3 Nc6 3.Bb5 e6 4.Bxc6 bxc6 5.d3 Ne7 6.Nbd2 d6 7.e5 d5 8.h4 h5 
9.b3 a5 10.a4 Nf5 11.Nf1 c4 12.Ng3 Nxg3 13.fxg3 cxb3 14.cxb3 Qb6 1/2-1/2

[Event "23rd EUR-ch"]
[Site "Vrnjacka Banja SRB"]
[Date "2023.03.07"]
[Round "5.3"]
[White "Mastrovasilis, Dimitrios"]
[Black "Sargissian, Gabriel"]
[Result "1/2-1/2"]
[WhiteElo "2599"]
[BlackElo "2699"]
[EventDate "2023.03.03"]
[PlyCount "57"]

1.e4 e5 2.Nf3 Nc6 3.Nc3 Nf6 4.d4 exd4 5.Nxd4 Bb4 6.Nxc6 bxc6 7.Bd3 d5 8.
exd5 O-O 9.O-O cxd5 10.Bg5 c6 11.Qf3 Bd6 12.Rae1 Rb8 13.Nd1 h6 14.Bxf6 
Qxf6 15.Qxf6 gxf6 16.b3 Kg7 17.Ne3 Re8 18.Nf5+ Bxf5 19.Bxf5 Re5 20.Bd3 
Rbe8 21.Rd1 a5 22.a4 Bb4 23.g3 R8e7 24.Kg2 c5 25.Bb5 d4 26.Bd3 Re1 27.
Rdxe1 Rxe1 28.Rxe1 Bxe1 29.Kf3 1/2-1/2

[Event "23rd EUR-ch"]
[Site "Vrnjacka Banja SRB"]
[Date "2023.03.07"]
[Round "5.5"]
[White "Brkic, Ante"]
[Black "Cheparinov, Ivan"]
[Result "1/2-1/2"]
[WhiteElo "2596"]
[BlackElo "2661"]
[EventDate "2023.03.03"]
[PlyCount "50"]

1.e4 e5 2.Nf3 Nc6 3.Bb5 a6 4.Ba4 Nf6 5.O-O Be7 6.d3 b5 7.Bb3 d6 8.a4 Bd7 
9.c3 O-O 10.Bc2 Re8 11.Re1 h6 12.Nbd2 Bf8 13.Nf1 b4 14.a5 d5 15.exd5 Nxd5 
16.Bd2 Rb8 17.Ng3 bxc3 18.bxc3 Nf6 19.Ba4 Bd6 20.Qc2 Qc8 21.Re2 Qb7 22.Qc1
Bf8 23.Qc2 Bd6 24.Qc1 Bf8 25.Qc2 Bd6 1/2-1/2

[Event "23rd EUR-ch"]
[Site "Vrnjacka Banja SRB"]
[Date "2023.03.07"]
[Round "5.6"]
[White "Bacrot, Etienne"]
[Black "Svane, Frederik"]
[Result "1/2-1/2"]
[WhiteElo "2659"]
[BlackElo "2577"]
[EventDate "2023.03.03"]
[PlyCount "43"]

1.e4 e6 2.d4 d5 3.Nc3 Nf6 4.Bg5 dxe4 5.Nxe4 Nbd7 6.Nf3 h6 7.Nxf6+ Nxf6 8.
Be3 Bd6 9.Bd3 O-O 10.Qe2 b6 11.Rg1 Bb7 12.O-O-O Nd5 13.Bd2 Qf6 14.Qe4 Qg6 
15.Qxg6 fxg6 16.Be4 b5 17.h4 Rf6 18.Rde1 b4 19.c4 bxc3 20.bxc3 Ba6 21.Kc2 
c5 22.Bd3 1/2-1/2

[Event "23rd EUR-ch"]
[Site "Vrnjacka Banja SRB"]
[Date "2023.03.07"]
[Round "5.7"]
[White "Santos Latasa, Jaime"]
[Black "Azarov, Sergei"]
[Result "1/2-1/2"]
[WhiteElo "2655"]
[BlackElo "2559"]
[EventDate "2023.03.03"]
[PlyCount "81"]

1.e4 e5 2.Nf3 Nc6 3.Bb5 a6 4.Ba4 Nf6 5.O-O Be7 6.Re1 b5 7.Bb3 d6 8.c3 O-O 
9.h3 Bb7 10.d4 Re8 11.a3 h6 12.Ba2 Qd7 13.d5 Na7 14.b3 c6 15.c4 Bd8 16.Nc3
Bb6 17.Be3 Nc8 18.Qd3 Bxe3 19.Qxe3 cxd5 20.cxd5 Qd8 21.b4 Qb6 22.Nd2 Qxe3 
23.Rxe3 Nb6 24.Bb3 Rec8 25.a4 bxa4 26.Nxa4 Nxa4 27.Bxa4 Rab8 28.Bb3 Rc7 
29.Nc4 Nxe4 30.Rd1 Nf6 31.Nxd6 Rd7 32.Nf5 g6 33.Nxh6+ Kg7 34.Ng4 Nxg4 35.
hxg4 Ba8 36.Bc4 Rxb4 37.Bxa6 Rd4 38.Rde1 R7xd5 39.Rxe5 Rxe5 40.Rxe5 Rxg4 
41.Bf1 1/2-1/2

[Event "23rd EUR-ch"]
[Site "Vrnjacka Banja SRB"]
[Date "2023.03.07"]
[Round "5.8"]
[White "Livaic, Leon"]
[Black "Nguyen Thai Dai Van"]
[Result "0-1"]
[WhiteElo "2569"]
[BlackElo "2651"]
[EventDate "2023.03.03"]
[PlyCount "120"]

1.d4 Nf6 2.c4 e6 3.Nf3 d5 4.Nc3 c6 5.cxd5 exd5 6.Qc2 Be7 7.Bg5 h6 8.Bxf6 
Bxf6 9.e4 dxe4 10.Qxe4+ Qe7 11.Bc4 Bf5 12.Qxe7+ Kxe7 13.O-O-O Rd8 14.Rhe1+
Kf8 15.Ne4 Nd7 16.Nd6 Nb6 17.Nxf5 Nxc4 18.Ne3 Nb6 19.Kc2 Rac8 20.b3 Rc7 
21.Rd2 g6 22.Red1 h5 23.h3 Kg7 24.Kb1 Rcd7 25.Kc2 Nd5 26.Nxd5 Rxd5 27.Rd3 
R8d6 28.R1d2 Kf8 29.Rd1 Rd8 30.R1d2 R8d7 31.Rd1 Bg7 32.R1d2 Rd8 33.Rd1 a5 
34.a4 R8d7 35.R1d2 R7d6 36.Rd1 Rd8 37.R1d2 Bf6 38.Rd1 Kg7 39.R1d2 Kg8 40.
Rd1 Kf8 41.R1d2 Kg7 42.Rd1 b5 43.Ra1 b4 44.Rad1 c5 45.dxc5 Rxc5+ 46.Kb1 
Rdc8 47.Nd2 Rc2 48.Nc4 Rxf2 49.R3d2 Rxd2 50.Rxd2 Rc5 51.Rd7 Rf5 52.g4 Rf3 
53.Kc2 Rc3+ 54.Kd1 Rxh3 55.Nd6 Kg8 56.Ne4 Bc3 57.Ng5 Rh1+ 58.Ke2 hxg4 59.
Rd8+ Kg7 60.Rd7 Kf6 0-1

[Event "23rd EUR-ch"]
[Site "Vrnjacka Banja SRB"]
[Date "2023.03.07"]
[Round "5.9"]
[White "Murzin, Volodar"]
[Black "Gledura, Benjamin"]
[Result "1/2-1/2"]
[WhiteElo "2554"]
[BlackElo "2637"]
[EventDate "2023.03.03"]
[PlyCount "42"]

1.e4 e5 2.Nf3 Nf6 3.Nc3 Nc6 4.d4 exd4 5.Nxd4 Bb4 6.Nxc6 bxc6 7.Bd3 O-O 8.
O-O d5 9.exd5 cxd5 10.Bg5 Be6 11.Nb5 c5 12.a3 Ba5 13.b4 Bb6 14.bxc5 Bxc5 
15.Qd2 h6 16.Be3 Bxe3 17.Qxe3 Bd7 18.Qd4 Rb8 19.Nxa7 Qa5 20.Rfb1 Rxb1+ 21.
Rxb1 Qxa3 1/2-1/2